| 000 | 00416nam a2200169Ia 4500 | ||
|---|---|---|---|
| 008 | 230711s9999||||xx |||||||||||||| ||und|| | ||
| 020 | _a978-81-203-5066-3 | ||
| 041 | _aENG | ||
| 082 |
_a530.4 _bSR-S |
||
| 100 | _aSrivastava,J.P | ||
| 245 | 0 | _aElements of solid state Physics | |
| 250 | _a4th Ed. | ||
| 260 |
_c2016 _aNew Delhi _bPHI Learning Private Limited |
||
| 300 | _a587 | ||
| 650 | _aPhysics | ||
| 942 | _cBK | ||
| 999 |
_c4518 _d4518 |
||